Sarajevo - Choix Multiples - Statistiques

Statistiques générales
  • Ce quiz a été pris 36 fois
  • Le résultat moyen est 7 sur 10
Statistiques - réponses
Question Réponse % Correct
Cet évènement déclenchera quel conflit majeur ? Première Guerre Mondiale
96%
Héritier du trône d'Autriche, assassiné avec sa femme le 28 juin 1914. François-Ferdinand
92%
Comme à Cannes, Sarajevo organise un festival sur cet art. Mais...lequel ? Film
68%
Religion la plus pratiquée à Sarajevo Islam
68%
Quel surnom donne-t-on à Sarajevo en raison de sa culture riche. La Jérusalem de l'Europe
64%
Ville aux États-Unis où ont été signés les accords mettant fin à la guerre de Bosnie en 1995. Dayton
60%
Dans quelle subdivision de Bosnie-Herzégovine se situe Sarajevo ? Fédération de Bosnie et Herzégovine
60%
En quel année la ville à été hôte des Jeux Olympiques d'Hiver ? 1984
52%
Ville des Balkans qui n'est pas jumelée avec Sarajevo. Belgrade
52%
Quelle image n'a pas été prise à Sarajevo ?
48%
Aucun quiz correspondant
Distribution des résultats
% des personnes avec chaque résultat
Percentile par nombre de réponses
Votre historique - résultats
Vous n’avez pas pris ce quiz